000 00359nam a2200145Ia 4500
008 230917s9999||||xx |||||||||||||| ||und||
040 _e43249
_aMAIN
041 _aEnglish
082 _a942 S33E
100 _aSilfen, Paul Harrison
245 0 _aEssays in english history
260 _aHicksville
_bExposition Press
_c1975
300 _a56 p.
942 _cBK
999 _c203792
_d203792